00835nam a2200241Ia 4500001000600000003000900006008004100015040001300056040001300069041001300082100002100095100002900116245004800145245004900193250001100242260001200253260001500265260004900280300005800329500014700387650002800534650003100562G5539IT-RoPAU130308s9999 xx 000 0 und d aIT-RoPAU cIT-RoPAU aITALIANO aBorri Alessandro gCodice Aut. SPICS: 52021 aRouge e il gabinetto degli amori fantastici bStanley Kwan. La via Orientale al Melodramma a1a ed. aFIRENZE bIl Castoro c2000 [1° Ed.:2000 - Ed.Ling.Originale:2000] a"10 p. (prefazione: no ; testo: 10 [pagine: 95-104])" aRiflessioni Sul Film Rouge di Stanley Kwan. Il melo fantasma o Il Fantasmadel Melo. tutti I Colori Dello Spettro. Finche' Morte Non ci Unisca. aAUTORI/OPERE DEL CINEMA eCodice materia Spics: 6807